Biblioteca

Freud. La mente de un moralista / Philip Rieff ; Antonio Cucurullo, Traductor. (Registro nro. 32131)

Detalles MARC
000 -LÍDER
Campo fijo de descripción fija 008810000a22002050004500
041 0# - CÓDIGO DE IDIOMA
Código de idioma para texto/pista de sonido o título separado
082 04 - NÚMERO DE CLASIFICACIÓN DECIMAL DEWEY
Número de clasificación G 131.34 R553f
001 - NÚMERO DE CONTROL
Campo de control 636
100 1# - ASIENTO PRINCIPAL--NOMBRE PERSONAL
Nombre personal Rieff, Philip
245 10 - TÍTULO
Título del Material Freud. La mente de un moralista / Philip Rieff ; Antonio Cucurullo, Traductor.
260 ## - PUBLICACIÓN, DISTRIBUCIÓN, ETC. (PIE DE IMPRENTA)
Lugar de publicación, distribución, etc. Buenos Aires, Argentina : Paidós
300 ## - DESCRIPCIÓN FÍSICA
Extensión 346 Pag.
336 ## - CONTENT TYPE
Content type term texto
Content type code txt
Source rdacontent
337 ## - MEDIA TYPE
Source rdamedia
Media type term sin mediación
Media type code n
338 ## - CARRIER TYPE
Source rdacarrier
Carrier type term volumen
Carrier type code nc
500 ## - NOTA GENERAL
Nota General Título original : Freud : The mind of the moralist
505 00 - NOTA DE CONTENIDO
Nota de contenido con formato preestablecido ciencia y psicología moral -- conflicto y carácter -- la "persona" oculta -- la táctica de la interpretación -- sexualidad y dominación -- la autoridad del pasado -- la política y el individuo -- la religión de los padres -- la ética de la honestidad -- el sumergimiento del hombre psicológico
650 14 - ASIENTO SECUNDARIO DE MATERIA - TERMINO TEMÁTICO
Término temático o nombre geográfico como elemento de entrada PSICOANALISIS
942 ## - TIPO DE MATERIAL (KOHA)
Tipo de Item KOHA Libros General
Existencias
Estado de Material Estado de Perdido Estado de Dañado No para Préstamo Colección Tomo Biblioteca de Origen Biblioteca Permanente Fecha de Adquisición Total de Préstamos Signatura Topográfica Código de Barras Última vez visto Ejemplar/Existencia Fecha de Remplazo Tipo de Material
        Colección General   Biblioteca FUSBC Biblioteca FUSBC 20/09/2004   G 131.34 R553f 125 12/12/2019 1 26/01/2016 Libros General

Biblioteca FUSBC | Teléfono: (57+4) 349 88 10 Ext. 141| WhatsApp (+57) 3005338115 
E-mail: biblioteca@unisbc.edu.co | Calle 76 87-14 Robledo Palenque, Medellín, Colombia

Con tecnología Koha